| 000 | 00808nam a22002057a 4500 | ||
|---|---|---|---|
| 008 | 090826s1975 ua ||||gr|||| 00| u ara d | ||
| 082 |
_222 _a510 _bل و ق |
||
| 100 |
_98646 _aديوفنطس |
||
| 245 |
_aصناعة الجبر لديوفنطس الاسكندرانى / _cترجمة قسطا بن لوقا؛ حققه وقدم له رشدى راشد |
||
| 260 |
_aالقاهرة : _bالهيئة المصرية العامة للكتاب؛ _c1975 |
||
| 300 |
_a161؛ص _c24 سم |
||
| 490 | _6التراث العلمى العربى | ||
| 650 |
_98640 _aالرياضيات |
||
| 650 |
_98640 _aالرياضيات |
||
| 650 |
_98645 _aديوفنطس |
||
| 942 |
_2ddc _cBB _hRDA-MOD |
||
| 999 |
_c12700 _d12700 |
||
| 336 |
_2rdacontent _aنص _btxt |
||
| 337 |
_aبدون وسيط _2rdamedia _bn |
||
| 338 |
_aمجلد _bnc _2rdacarrier |
||